| 000 | 00841cam a2200193 4500 | ||
|---|---|---|---|
| 001 | ABS66947 | ||
| 008 | 030904n2003 000 0 eng u | ||
| 035 | _a(Sirsi) u123496 | ||
| 100 | _aCunliffe, A. | ||
| 245 | _aRevisiting letters of intent | ||
| 260 | _c2003 | ||
| 490 |
_aConstruction Law Bulletin _v July 2003, 30-32(3) |
||
| 520 | _aLooks at letters of intent, explaining their use as a way for contractors to start works early before their main contract has been finalised. Distinguishes between non-binding and binding letters of intent. Recommends how to minimise risk by developing standard forms for them which address relevant case law and protect a company's interests. | ||
| 590 | _aABS | ||
| 650 | _aLETTERS OF INTENT | ||
| 650 | _aSTANDARD FORMS | ||
| 690 | _aBUILT ENVIRONMENT-BUILDING CONTRACT FORMS | ||
| 942 | _n0 | ||
| 999 |
_c73354 _d73354 |
||